000
00296nam a2200121Ia 4500
008
240624s9999 xx 000 0 und d
041
_a
eng
082
_a
823 SIN
100
_a
SINGH ABHISHEK NARAYAN
245
_a
RABT THE CONNECTION
260
_c
2019
_a
Nagpur
_b
Prakshep Prakashan
365
_c
RS
999
_c
31826
_d
31826